Quick Pick: Disney Title Characters Quiz Stats

Quiz Updated Sep 7, 2016

Challenge
Share
Tweet
Embed
Score 0/15 Timer 01:00
6 Plays Today
% Correct
Aladdin
97.5%
Cinderella
95.4%
Peter Pan
94.8%
Bambi
93.9%
Pinocchio
93.5%
Pocahontas
93.3%
Mulan
91.9%
Dumbo
90.9%
% Correct
Hercules
90.6%
Tarzan
90.3%
Robin Hood
90.1%
Alice
88.2%
Winnie the Pooh
84.7%
Stitch
80.9%
Oliver
74.2%

Today's Daily Dose

You're not logged in!

Compare scores with friends on all Sporcle quizzes.
Join for Free
OR
Log In

You Might Also Like...

Show Comments

Extras

Top Quizzes Today


Score Distribution

Your Account Isn't Verified!

In order to create a playlist on Sporcle, you need to verify the email address you used during registration. Go to your Sporcle Settings to finish the process.

Report this User

Report this user for behavior that violates our Community Guidelines.

Details: